Central Library OPAC University of Rajshahi
Normal view MARC view

Entry Topical Term

Number of records used in: 3

001 - CONTROL NUMBER

  • control field: 2884

003 - CONTROL NUMBER IDENTIFIER

  • control field: BD-RjUL

005 - DATE AND TIME OF LATEST TRANSACTION

  • control field: 20220510115558.0

008 - FIXED-LENGTH DATA ELEMENTS

  • fixed length control field: 220510|| aca||aabn | a|a d

040 ## - CATALOGING SOURCE

  • Original cataloging agency: BD-RjUL
  • Transcribing agency: BD-RjUL

150 ## - HEADING--TOPICAL TERM

  • Topical term or geographic name entry element: Social values

670 ## - SOURCE DATA FOUND

  • Source citation: Work cat.: (BD-RjUL)79371: Begum, Mosammat Shamim Ara 1308, Interpersonal Attraction Between Teachers and students as a Function of need, value and Personality Factors /, 2005